000 00396nam a22001697a 4500
005 20160528104420.0
008 160528b xxu||||| |||| 00| 0 eng d
020 _a81-7929-091-3
041 _aeng
082 _b5695
100 _aRowson, Paulina
_91425
245 _aSuccessful Marketing
260 _aNew Delhi
_bInfinity books,
300 _a138
650 _aManagement
_9241
942 _cBK
999 _c2019
_d2018